000 00835cam a22002897a 4500
003 CHAP
005 20220329141531.0
008 971013s1985 r 00010 d
010 _a69739
011 _a70711
035 _a80264
040 _cCHAP
090 _aFolleto 10723
100 0 0 _aJames, I. L.
_961013
245 1 2 _aA New portable chainsaw mill
260 _aRotorua, N.Z. :
_bForest Research Institute,
_c1985
300 _a[4] p. ilus.
490 0 _aWhat's new in forest research
_v;132
500 _aD18-19
590 _aBATCH-UPD
_b10
_c20130110
_lUCH01
_h0452
590 _aCONVERSION
_b10
_c20130109
_lUCH01
_h1338
650 1 4 _aSierras de cadena.
_9105877
830 0 _aWhat's new in forest research
_v;132
_9121619
901 _aBK
942 _cFOLL
949 _aFolleto 10723
_bBC
_cFOLL
_d-33166
_eTS1
_i80264
_si
999 _c69739
_d69739